|
|
|
|
| LEADER |
00867nam a22002532a 4500 |
| 001 |
001358582 |
| 003 |
CZ BrMZK |
| 005 |
20160510073056.0 |
| 007 |
ta |
| 008 |
140110s1964 xr er|||||||||||cze d |
| 015 |
|
|
|a cnb000482157
|
| 035 |
|
|
|a (OCoLC)42114405
|
| 040 |
|
|
|a ABA001
|b cze
|c CBA001
|d ABA001
|
| 080 |
9 |
|
|a 016:622.233/.235
|
| 100 |
1 |
|
|a Picek, Jan
|4 com
|
| 245 |
1 |
0 |
|a Vrtací a trhací technika v dolech a lomech :
|b výběrová bibliografie knižní a časopisecké literatury /
|c sestavil Jan Picek
|
| 260 |
|
|
|a Praha :
|b Státní technická knihovna,
|c 1964
|
| 300 |
|
|
|a 117 s.
|
| 490 |
1 |
|
|a Bibliografie Státní technické knihovny ;
|v sv. 61
|
| 830 |
|
0 |
|a Bibliografie (Státní technická knihovna)
|0 s
|
| 910 |
|
|
|a BOA001
|b 2-0529.527
|
| 990 |
|
|
|a BK
|
| 991 |
|
|
|b 201401
|
| 996 |
7 |
|
|b 2619040607
|c 2-0529.527
|l HP2
|r DEN
|n 0
|w 001393338
|u 000010
|a 1
|e BOA001
|j MZK50
|s A
|